000
00318nam a22001337a 4500
082
_a
823
_b
CLA/A
245
_a
ALICE IN WONDERSLAND
_b
SHORT STORY
246
_a
ALICE IN WONDERSLAND
_b
SHORT STORY
250
_a
2003
260
_a
DELHI
_b
CLASIC BOOKS
_c
2003
300
_a
250
520
_a
CHILDRENS SHORT STORY
942
_c
BK
999
_c
383
_d
383